Personnage des aventures de Tintin : Bianca Castafiore (Vol.II) - Statistiques

Statistiques générales
  • Ce quiz a été pris 28 fois
  • Le résultat moyen est 10 sur 18
Statistiques - réponses
Questions Réponses % Correct
Oiseau domestique que Bianca Castafiore offre au capitaine Haddock à son arrivée au château. Un perroquet
100%
Oiseau qui vole le bijou précédent appartenant à Bianca Castafiore (réponse précise). Une pie voleuse
93%
Locution italienne qui réfère à une cuisson de pâtes ou de riz. Des pâtes cuites de cette façon sont plus savoureuses, plus consistantes en bouche et plus digestes. Bianca Castafiore exige que ses pâtes soient cuites de cette façon lorsqu'elle est en prison au San Theodoros. Al dente
87%
Nom "typiquement italien" de cet animal. Coco
80%
Théâtre d'opéra situé dans la ville d'Italie d'où Bianca Castafiore est originaire et où elle doit se produire avant de partir pour l'Amérique. La Scala
80%
Personnage qui enguirlande Haddock du fait qu'il n'a pas obtenu de pouvoir assurer les bijoux de Bianca Castafiore. Séraphin Lampion
80%
Bijou de grande valeur appartenant à Bianca Castafiore auquel elle est particulièrement attaché et qui lui sera dérobé. Une émeraude
73%
Roi de France qui donne son nom au style de mobilier de la chambre de Bianca Castafiore dans le château du capitaine. Louis XIII
60%
Nom italien de l'animal précédent et qui est également un célèbre opéra que doit interpréter Bianca Castafiore, raison de son départ précipité du château de Haddock. La Gazza ladra
53%
Périodique de presse à scandale qui a pondu un article sur le faux mariage entre Bianca Castafiore et le capitaine Haddock. Paris-Flash
53%
Pays d'Amérique latine dans lesquels Bianca Castafiore s'est produite avant son arrivée au San Theodoros où elle sera arrêtée. La Colombie
47%
Nom par lequel Bianca Castafiore appelle le professeur Tournesol. Il s'agit du nom d'un plat de viande dont une recette porte le nom du précédent. Le professeur Tournedos
47%
Pays d'Amérique latine dans lesquels Bianca Castafiore s'est produite avant son arrivée au San Theodoros où elle sera arrêtée. Le Vénézuela
47%
Compositeur de l'opéra précédent. Gioachino Rossini
40%
Pays d'Amérique latine dans lesquels Bianca Castafiore s'est produite avant son arrivée au San Theodoros où elle sera arrêtée. L'Équateur
40%
Noms par lesquels Bianca Castafiore appelle le précédent. Lanterne
27%
Noms par lesquels Bianca Castafiore appelle le précédent. Lampadaire
20%
Noms par lesquels Bianca Castafiore appelle le précédent. Lampiste
20%
Aucun quiz correspondant
Distribution des résultats
% des personnes avec chaque résultat
Percentile par nombre de réponses
Votre historique - résultats
Vous n’avez pas pris ce quiz